000 00693nam a2200277Ia 4500
005 20260324125111.0
008 008 260324s9999 xx 000 0 eng d
020 _a9780429078903
037 _aEBOOK
040 _aCRL
040 _beng
040 _cCRL
041 _2eng
041 _aeng
084 _qCRL
100 _aAttila Dikbas; Esin Ergen; Heyecan Giritli
_91176697
245 0 _aManaging IT in Construction/Managing Construction for Tomorrow
260 _bTaylor and Francis
260 _c2009
365 _a
365 _b840
856 _uhttp://www.taylorfrancis.com/books/9780429078903
942 _cEBOOK
999 _c1771655
_d1771655